| 000 | 01013cab a22002055a 4500 | ||
|---|---|---|---|
| 001 | L138850 | ||
| 008 | 070717s2007 xxkd f 000 0 eng d | ||
| 035 | _a(Sirsi) u138850 | ||
| 041 | 0 | _aeng | |
| 110 | 2 |
_aDavis Langdon Mott Green Wall _94650 |
|
| 245 | 0 | 0 | _aAccess control |
| 260 | _c2007 | ||
| 490 | 0 |
_aBuilding Services Journal _vJuly 2007, 60-61(2) |
|
| 520 | _aDiscusses the growing use of access control systems using internet protocol-based technology, which is now part of the intelligent building revolution. Looks at ethernet card-reading technology and highlights the advantages of Internet Protocol (IP) card readers. Summarises the key developments in access control technology and notes the advantages of linking IP-based access control systems to an IT system. Concludes with a cost analysis and a cost comparison of analogue and IP systems. | ||
| 590 | _aKA | ||
| 651 | 4 |
_aUnited Kingdom _y |
|
| 690 |
_aBlock management _96220 |
||
| 690 | _aBUILT ENVIRONMENT-BUILDING COSTS | ||
| 942 | _n0 | ||
| 999 |
_c79014 _d79014 |
||